Paroles - You're the One - The Vogues - Statistiques

Statistiques générales
  • Ce quiz a été pris 3 fois
  • Le résultat moyen est 182 sur 249
Statistiques - réponses
Réponse % Correct
be
100%
Every
100%
I
100%
is
100%
kiss
100%
love
100%
love,
100%
My
100%
one
100%
please
100%
the
100%
to
100%
want
100%
you
100%
you,
100%
your
100%
Your
100%
you're
100%
You're
100%
adore
67%
and
67%
Baby,
67%
believe
67%
day
67%
don't
67%
dreamin'
67%
everything
67%
forever
67%
I'm
67%
in
67%
make
67%
me
67%
me,
67%
meet,
67%
miss
67%
must
67%
no
67%
now
67%
of
67%
Oh,
67%
(Oh
67%
(oh
67%
really
67%
sweet
67%
tender,
67%
that
67%
time
67%
we
67%
yeah,
67%
yeah)
67%
yeah
67%
Yeah,
67%
years
67%
all
33%
before
33%
can't
33%
could
33%
deceive
33%
feel
33%
forget
33%
heart,
33%
just
33%
know
33%
leave
33%
let
33%
long
33%
may
33%
met
33%
more
33%
never
33%
only,
33%
Ooh,
33%
smilin'
33%
so
33%
some
33%
surrender
33%
tears
33%
There
33%
this
33%
us
33%
way,
33%
will
33%
you'll
33%
'cause
0%
comin'
0%
each
0%
ev'ry
0%
guide
0%
Keep
0%
mile
0%
part
0%
Since
0%
through
0%
while
0%
Aucun quiz correspondant
Distribution des résultats
% des personnes avec chaque résultat
Percentile par nombre de réponses
Votre historique - résultats
Vous n’avez pas pris ce quiz